Anorganická chémia Príklady a úlohy v anorganickej chémii ; Helena Langfelderová, Adela Kotočová, Ján Klas, Dušan Kordík, Anton Sirota, Dušan Valigura, Milan Mravčák

Gespeichert in:
Bibliographische Detailangaben
Hauptverfasser: Langfelderová, Helena, 1940-1993 (Verfasst von), Kotočová, Adela (Verfasst von), Klas, Ján, 1936- (Verfasst von), Kordík, Dušan (Verfasst von), Sirota, Anton, 1940- (Verfasst von), Valigura, Dušan, 1948- (Verfasst von)
Weitere Verfasser: Mravčák, Milan (gup)
Format: Buch
Sprache:Slowakisch
Veröffentlicht: Bratislava Alfa 1990
Ausgabe:1. vyd.
Schriftenreihe:Edícia chemickej literatúry
Schlagworte:
Online-Zugang:Im OPAC anzeigen
Tags: Tag hinzufügen
Keine Tags, Fügen Sie das erste Tag hinzu!

MARC

LEADER 00000nam a2200000 a 4500
005 20260127134057.0
008 161006s1990 xo 0 slo
015 |a SNBA1990/07 
020 |a 8005005695  |c 25 Kčs. (4000 výtl.) 
035 |a vtls001061583 
035 |a SNK000004411 
039 9 |a 202005211016  |b AUTHORITY  |c 202005210934  |d AUTHORITY  |c 201909051135  |d AUTHORITY  |c 201610061529  |d VLOAD  |y 200412240051  |z VLOAD 
040 |a SNK  |b slo  |c SNK  |e AACR2 
041 0 |a slo 
044 |a xo  |c SK 
080 |a 546(075.8)  |2 1981 
245 1 |a Anorganická chémia  |b Príklady a úlohy v anorganickej chémii ; Helena Langfelderová, Adela Kotočová, Ján Klas, Dušan Kordík, Anton Sirota, Dušan Valigura, Milan Mravčák 
250 |a 1. vyd. 
260 |a Bratislava  |b Alfa  |c 1990  |e Banská Bystrica  |f Tlačiarne SNP 
300 |a 320 s., 20,20 AH  |b Tb. Sch.  |c 25 cm 
490 0 |a Edícia chemickej literatúry 
500 |a Lit. 26. 26 zázn. v slov., češ., ruš. a angl. 
650 0 7 |a [BK]  |2 SNK 
700 1 |a Langfelderová, Helena,  |d 1940-1993  |4 aut  |9 458 
700 1 |a Kotočová, Adela  |4 aut 
700 1 |a Klas, Ján,  |d 1936-  |4 aut  |9 70 
700 1 |a Kordík, Dušan  |4 aut 
700 1 |a Sirota, Anton,  |d 1940-  |4 aut  |9 844 
700 1 |a Valigura, Dušan,  |d 1948-  |4 aut  |9 166 
700 1 |a Mravčák, Milan  |4 gup 
919 |a 80-05-00569-5 
954 |a chémia anorganická  |x učebnice VŠ 
958 |a NB 
958 |a TL 
958 |a UV 
999 |c 3521  |d 3521